000 00306nam a22001217a 4500
008 180425b xxu||||| |||| 00| 0 eng d
041 _aeng
080 _a043.3
100 _a0
101 _aMBE-BTH
245 _aOrganizimi efektiv dhe kontrolli i aktiviteteve të Marketingut
_cKadriu,F
942 _2udc
_cBK
999 _c45499
_d45499